000 00646nam a2200217Ia 4500
005 20241129110109.0
008 241129s9999||||xx |||||||||||||| ||und||
020 _a978-1-009-33963-6
037 _aTB
040 _aARTS
_beng
_cARTS
041 _aeng
_2eng
084 _aV44Q742 R3
_qARTS
100 _aAfsar Mohammad Au.
_9727204
245 0 _aRemaking history: 1948 police action and the muslims of Hyderabad
_cAfsar Mohammad Au.
260 _aCambridge, USA
_bCambridge University Press
_c2023
300 _axxiii,306p.
365 _aINR
_b1450
650 _aHistory
942 _cTB
_hV44Q742 R3
999 _c1227290
_d1227290